Estadísticas del sufragio elección de Presidencia, Vicepresidencias: segunda vuelta 7 de abril 2002 /
Sparad:
| Huvudupphovsman: | |
|---|---|
| Institutionell upphovsman: | |
| Övriga upphovsmän: | , , , |
| Materialtyp: | Text |
| Språk: | Spanish |
| Publicerad: |
San José :
Tribunal Supremo de Elecciones
|
| Ämnen: | |
| Taggar: |
Lägg till en tagg
Inga taggar, Lägg till första taggen!
|
MARC
| LEADER | 00000 a a2200000 04500 | ||
|---|---|---|---|
| 001 | 35907 | ||
| 003 | cru CIDCACS/IIS | ||
| 005 | 20231025134409.0 | ||
| 008 | 170406b xxu||||| |||| 00| 0 spa d | ||
| 020 | |a 9968-00-6 | ||
| 022 | |a 9968-00-6 | ||
| 040 | |c cru CIDCACS/IIS |a cru CIDCACS/IIS | ||
| 090 | |a 04.04.02 C837e 2002 T.2 | ||
| 100 | |a Fonseca Montoya, Oscar | ||
| 110 | |a Costa Rica.Tribunal Supremo de Elecciones | ||
| 245 | |a Estadísticas del sufragio elección de Presidencia, Vicepresidencias: segunda vuelta 7 de abril 2002 / |c Oscar Fonseca Montoya | ||
| 260 | |a San José : |b Tribunal Supremo de Elecciones | ||
| 300 | |a 226 p.; Tomo II | ||
| 650 | |a ELECCIONES | ||
| 650 | |a INFORMES | ||
| 650 | |a COSTA RICA | ||
| 650 | |a VOTACION | ||
| 700 | |a Sobrado González, Luis Antonio | ||
| 700 | |a Fallas Madrigal, Olga Nidia | ||
| 700 | |a Castro Dobles, Marisol | ||
| 700 | |a Castillo Riggioni, Fernando del | ||
| 942 | |2 z |c LI |h 04.04.02 C837e 2002 T.2 |i 02358 |i 02831 |6 040402_C837E_2002_T2_02358__02831 | ||
| 999 | |c 14672 |d 14672 | ||
